00375nam a2200133Ia 4500008004100000100002100041245001600062260000900078300003000087440002400117650000900141999001900150952007200169180117s9999 xx 000 0 und d aby Jullie Y Daza aMedium Rare c2017 a18-20 pages, 2017 April 2 aPhilippine Panorama aTAAL c353447d353447 001040aCLbCLd2018-01-17l0r2018-01-17 00:00:00w2018-01-17ySE